| 000 | 03635nam a2200421Ii 4500 | ||
|---|---|---|---|
| 001 | DIGEDIUOC014 | ||
| 003 | NyNyDIG | ||
| 006 | m o d | ||
| 007 | cr ||||||||||| | ||
| 008 | 131201s2007 sp ob 000 0 spa d | ||
| 020 | _z9788497885744 | ||
| 020 | _z8497885740 | ||
| 035 | _a(OCoLC)823741312 | ||
| 040 |
_aDGITA _beng _epn _cDGITA |
||
| 050 | 1 | 4 | _aG155.7 eBook |
| 245 | 0 | 0 |
_aA propósito del turismo : _bla construcción social del espacio turístico / _cSalvador Antón Clavé, Francesc González Reverté, (coordinadores) ; Martí Cors i Iglesias ... [et al.]. |
| 250 | _a1. ed. en lengua castellana. | ||
| 264 | 1 |
_aBarcelona : _bEditorial UOC, _c2007. |
|
| 300 |
_a1 online resource (346 pages) : _bill. |
||
| 336 |
_atext _btxt _2rdacontent |
||
| 337 |
_acomputer _bc _2rdamedia |
||
| 338 |
_aonline resource _bcr _2rdacarrier |
||
| 490 | 1 |
_aManuales ; _v81. _aTurismo. |
|
| 504 | _aIncludes bibliographical references (p. 331-346). | ||
| 505 | 0 | _aIntroducción. La naturaleza del turista. De la turismofobia a la construcción social del espacio turístico / Francesc González Reverte y Salvador Antón Clavé -- 1 Una cuestión de nombres: turistas versus viajeros -- 2. Masa y cantidad. El peso de las cifras -- 3. El turista acomplejado: arrepentimiento y solidaridad -- 4. El espacio turístico (i)reversible. Los destinos turísticos consolidados -- I. Los turistas / Francesc González Reverte y Salvador Antón Clavé -- 1. El turista que viaja. Los desplazamientos y la condición de movilidad del turista -- 2. El oficio de turista. El significado de hacer turismo -- II. Los lugares turísticos / Salvador Antón Clavé, Alfonso Fernández Tabales y Frúncese González Reverte -- 1. La anatomía de los lugares turísticos. ¿Cómo devienen los lugares en turísticos? -- 2. La apariencia de los lugares turísticos -- 3. El metabolismo de los lugares turísticos -- 4. La invención de nuevos lugares turísticos -- III. Casos de estudio -- 1. Ecoturismo en América Central / Marta Nello Andreu -- 2. Turismo de sol y playa en Cuba. El caso de Varadero / Eduardo Salinas Chávez -- 3. El agroturismo en la Cataluña interior. El caso de la Sierra de Castelltallat -- 4. Aranjuez, un destino maduro de turismo patrimonial / María García Hernández -- 5. El descenso de aguas bravas en el Gran Cañón del Colorado (Estados Unidos) / Antonio Lacosta Aragüés -- 6. Centros y periferias en las ciudades de patrimonio: el caso de la región turística de Venecia / Antonio Paolo Russo -- 7. La redefinición de un destino a partir del turismo residencial. El caso de la Costa del Sol / Enrique Navarro Jurado -- 8. El Camino de Santiago / Xosé Santos Solía -- 9. El turismo de nieve en España. El caso de Baqueira Beret (Cataluña) / Belén Gómez Martín -- 10. Una iniciativa de desarrollo basada en el turismo. El caso de Chefchaouen (Marruecos) / Josep Gala Mico -- 11. Turismo justo, en beneficio de todos / Joan Miquel Gomis López y Caries Tiidurí Borras -- Conclusiones generales -- Apéndice - Bibliografía. | |
| 650 | 0 |
_aTourism _xSocial aspects. |
|
| 655 | 0 | _aElectronic books. | |
| 700 | 1 | _aAntón Clavé, Salvador; 1964- | |
| 700 | 1 | _aGonzález Reverté, Francesc. | |
| 700 | 1 | _aCors i Iglesias, Martí. | |
| 791 | 2 |
_aDigitalia (Firm), _edistributor. |
|
| 830 | 0 | _aTurismo (Editorial UOC) | |
| 830 | 0 |
_aManuales (Editorial UOC) ; _v81 |
|
| 793 | 0 |
_gDigitalia eBook Collection: _aUniversitat Oberta de Catalunya. |
|
| 856 | 4 | 0 |
_3Digitalia Hispánica _uhttps://www.digitaliapublishing.com/a/1042/ |
| 910 | _aPremium Collection: 2007-2012 | ||
| 942 | _cRAA | ||
| 999 |
_c229965 _d229965 |
||